banner koha

ABC da adubação (Registro n. 340517)

MARC details
000 -LÍDER
Campo de controle fixo 01122nam a2200445 4500
001 - NÚMERO DE CONTROLE
Número de controle BR2026000400
003 - CÓDIGO MARC DA AGÊNCIA CATALOGADORA
Campo de controle BR-BrBNA
005 - DATA E HORA DA ÚLTIMA ATUALIZAÇÃO
Campo de controle 20260322231007.0
008 - CAMPO DE TAMANHO FIXO
Campo fixo de controle 260322b bl.||||| |||| 00| 0 por d
020 ## - ISBN - INTERNATIONAL STANDARD BOOK NUMBER
ISBN 85.318.0002-1
040 ## - FONTE DA CATALOGAÇÃO
Agência catalogadora BR-BrBNA
Idioma da catalogação por
041 ## - CÓDIGO DO IDIOMA
Código do Idioma por
072 ## - CATEGORIA AGRIS
Código da categoria de assunto/objeto <a href="F04 ; F01 ; D50">F04 ; F01 ; D50</a>
090 ## - NÚMERO DE CHAMADA
Localização na estante F04 BR2026000400
100 0# - ENTRADA PRINCIPAL - NOME PESSOAL
Nome pessoal Malavolta, Eurípedes
245 ## - TÍTULO PRINCIPAL
Título principal ABC da adubação
250 ## - EDIÇÃO
Edição 5. ed.
260 ## - IMPRENTA (PUBLICAÇÃO, DISTRIBUIÇÃO, ETC.)
Lugar de publicação, distribuição, etc. São Paulo, SP (Brasil)
Nome do editor, distribuidor, etc. Agronômica Ceres
Data de publicação, distribuição, etc 1989
300 ## - DESCRIÇÃO FÍSICA
Extensão 292 p.
500 ## - NOTA GERAL
Notas gerais 17 ref.; 133 illus.; 80 tables
650 ## - ASSUNTO - THESAGRO
Cabeçalho tópico ou nome geográfico SOLO
650 ## - ASSUNTO - THESAGRO
Cabeçalho tópico ou nome geográfico ADUBAÇÃO
650 ## - ASSUNTO - THESAGRO
Cabeçalho tópico ou nome geográfico ADUBO NITROGENADO
650 ## - ASSUNTO - THESAGRO
Cabeçalho tópico ou nome geográfico ADUBO FOSFATADO
650 ## - ASSUNTO - THESAGRO
Cabeçalho tópico ou nome geográfico ADUBO POTÁSSICO
650 ## - ASSUNTO - THESAGRO
Cabeçalho tópico ou nome geográfico ACIDEZ DO SOLO
650 ## - ASSUNTO - THESAGRO
Cabeçalho tópico ou nome geográfico CALAGEM
650 ## - ASSUNTO - THESAGRO
Cabeçalho tópico ou nome geográfico MAGNÉSIO
650 ## - ASSUNTO - THESAGRO
Cabeçalho tópico ou nome geográfico ENXOFRE
650 ## - ASSUNTO - THESAGRO
Cabeçalho tópico ou nome geográfico MISTURA
650 ## - ASSUNTO - THESAGRO
Cabeçalho tópico ou nome geográfico ADUBO ORGÂNICO
650 ## - ASSUNTO - THESAGRO
Cabeçalho tópico ou nome geográfico MICRONUTRIENTE
650 ## - ASSUNTO - THESAGRO
Cabeçalho tópico ou nome geográfico DISTRIBUIÇÃO
650 ## - ASSUNTO - THESAGRO
Cabeçalho tópico ou nome geográfico ADUBAÇÃO FOLIAR
650 ## - ASSUNTO - THESAGRO
Cabeçalho tópico ou nome geográfico DEFICIÊNCIA MINERAL
650 ## - ASSUNTO - THESAGRO
Cabeçalho tópico ou nome geográfico MÉTODO DE APLICAÇÃO
650 ## - ASSUNTO - THESAGRO
Cabeçalho tópico ou nome geográfico LEGISLAÇÃO
909 ## - IDENTIFICAÇÃO DO CATALOGADOR
Ano e mês da catalogação (aaaamm) 202603
Identificação do catalogador Fernando
942 ## - TIPO ESPECÍFICO
Tipo de material Livros
952 ## - LOCATION AND ITEM INFORMATION (KOHA)
-- 2026-03-22
Exemplares
Status de empréstimo Fonte de classificação Status de danificação Não pode ser emprestado Código da coleção Localização permanente Localização atual Localização na estante Total Checkouts Número de chamada Código de barras Tipo de material
  Classificação AGRIS     Agrobase Biblioteca Nacional de Agricultura - Binagri Biblioteca Nacional de Agricultura - Binagri Agrobase - Acervo Geral   F04 BR2026000400 2026-1169 Livros

BINAGRI

Telefone: (61)3218-2567/2388/3357/2097 - binagri@agro.gov.br

Ministério da Agricultura e Pecuária , Esplanada dos Ministérios, Bloco D, Anexo B, Brasília/DF, CEP: 70.043-900